[Event "33rd Leon Blitz Open 2020"]
[Site "chess.com INT"]
[Date "2020.07.14"]
[Round "6"]
[White "Pesotskiy, Mikhail"]
[Black "Chernikov, Vladimir"]
[Result "1-0"]
[WhiteTitle "FM"]
[BlackTitle "FM"]
[WhiteElo "2245"]
[BlackElo "2231"]
[WhiteFideId "34164453"]
[BlackFideId "14112914"]
[EventDate "2020.07.14"]
[EventType "blitz"]

1. d4 Nf6 2. c4 e5 3. dxe5 Ng4 4. Bf4 g5 5. Bg3 Bg7 6. Nf3 Nc6 7. h4 Ngxe5 8.
Nxe5 Nxe5 9. e3 g4 10. h5 h6 11. Bh4 Bf6 12. Bxf6 Qxf6 13. Nc3 d6 14. Nd5 Qd8
15. Be2 O-O 16. Qd4 f5 17. O-O-O Be6 18. f3 a6 19. Nf4 Bf7 20. Ng6 Bxg6 21. hxg6
Nxg6 22. Rxh6 Qf6 23. Qd5+ Kg7 24. Rdh1 Rh8 25. Rxh8 Rxh8 26. Rxh8 Kxh8 27. Qxb7
Qe7 28. Kd2 g3 29. Qc8+ Kg7 30. Qxf5 c6 31. Bd3 Nf8 32. Qg4+ Kf7 33. Qxg3 Ne6
34. Qg6+ Kf8 35. Qh6+ Ke8 36. Qh8+ Kd7 37. Qh7 Ng7 38. f4 Qf6 39. Kc2 Kc8 40. g4
d5 41. cxd5 cxd5 42. g5 Qc6+ 43. Kb1 Ne6 44. Bf5 Kb8 45. Qg8+ Ka7 46. Qxe6 Qa4
47. Qd7+ Ka8 48. Qxa4 1-0

[Event "33rd Leon Blitz Open 2020"]
[Site "chess.com INT"]
[Date "2020.07.14"]
[Round "6"]
[White "Skliarov, Viktor"]
[Black "Sychev, Klementy"]
[Result "1/2-1/2"]
[WhiteTitle "IM"]
[BlackTitle "GM"]
[WhiteElo "2376"]
[BlackElo "2572"]
[WhiteFideId "14106736"]
[BlackFideId "4114060"]
[EventDate "2020.07.14"]
[EventType "blitz"]

1. e4 e6 2. d4 d5 3. e5 c5 4. c3 Qb6 5. Nf3 Nc6 6. a3 f6 7. b4 c4 8. Be2 fxe5 9.
dxe5 g6 10. O-O Bg7 11. Bf4 Nh6 12. Re1 Ng4 13. Bg3 Ngxe5 14. Nxe5 Bxe5 15. Bg4
O-O 16. Ra2 Bxg3 17. hxg3 Rf6 18. Rae2 Bd7 19. Nd2 Raf8 20. Nf3 Nd8 21. Qd2 Qd6
22. Ne5 Be8 23. Nxc4 Qa6 24. Ne5 Qxa3 25. Qd4 Qa6 26. Bf3 Qb6 27. Qh4 Kg7 28.
Ng4 Rf5 29. Qh6+ Kg8 30. Ne3 R5f7 31. Nxd5 Qd6 32. Nf4 Bd7 33. Nh3 Qc7 34. Ng5
Re7 35. Ne4 Bc6 36. Rd1 Bxe4 37. Bxe4 Qxc3 38. Re3 Qg7 39. Qxg7+ Kxg7 40. Red3
Nc6 41. Bxc6 bxc6 42. Rd6 Rc8 43. Rc1 Kf6 44. Rdxc6 Rxc6 45. Rxc6 Rb7 46. Ra6
Rxb4 47. Rxa7 h5 48. f3 1/2-1/2

[Event "33rd Leon Blitz Open 2020"]
[Site "chess.com INT"]
[Date "2020.07.14"]
[Round "6"]
[White "Olsen, Filip Boe"]
[Black "Pichot, Alan"]
[Result "0-1"]
[WhiteTitle "IM"]
[BlackTitle "GM"]
[WhiteElo "2353"]
[BlackElo "2630"]
[WhiteFideId "1440640"]
[BlackFideId "110973"]
[EventDate "2020.07.14"]
[EventType "blitz"]

1. d4 Nf6 2. c4 e6 3. Nc3 Bb4 4. e3 O-O 5. Bd3 d5 6. Nf3 c5 7. cxd5 exd5 8. dxc5
Nbd7 9. O-O Nxc5 10. h3 Bxc3 11. bxc3 b6 12. Ba3 Qc7 13. Be2 Re8 14. Rc1 Ba6 15.
c4 Rad8 16. Qc2 Ne6 17. Bb2 Ne4 18. Bd3 N6c5 19. Be2 Qd7 20. Rfd1 Qb7 21. Nd4
Bxc4 22. Bxc4 dxc4 23. Qxc4 Qd7 24. Qc2 Qa4 25. Qe2 f6 26. Nf5 Qxa2 27. Rxd8
Rxd8 28. Qg4 Rd7 29. Bd4 Kf8 30. Ra1 Qxf2+ 31. Kh1 h5 32. Qxh5 Qxf5 33. Qh8+ Kf7
34. Qh4 Ne6 35. Bc3 a5 36. Bb2 Rd2 37. Bd4 Nxd4 38. exd4 Qd5 39. Rc1 Nf2+ 40.
Kh2 Qd6+ 41. Kg1 Nd3 42. Rc3 Rd1+ 0-1

[Event "33rd Leon Blitz Open 2020"]
[Site "chess.com INT"]
[Date "2020.07.14"]
[Round "6"]
[White "Lintchevski, Daniil"]
[Black "Svane, Frederik"]
[Result "0-1"]
[WhiteTitle "GM"]
[BlackTitle "FM"]
[WhiteElo "2559"]
[BlackElo "2421"]
[WhiteFideId "4171055"]
[BlackFideId "12923044"]
[EventDate "2020.07.14"]
[EventType "blitz"]

1. e4 c5 2. Nf3 g6 3. c3 Bg7 4. d4 cxd4 5. cxd4 d5 6. e5 a6 7. Nc3 Nc6 8. h3 f6
9. Be2 e6 10. exf6 Nxf6 11. O-O O-O 12. Bg5 Qd6 13. Bd3 Nh5 14. Bc2 Nf4 15. Re1
Bd7 16. Bh4 Qb4 17. a3 Qd6 18. Bg3 Rf7 19. Ng5 Rf6 20. Nf3 Raf8 21. Ne5 Qe7 22.
Nxc6 Bxc6 23. Qg4 R6f7 24. Re3 Bxd4 25. Ree1 Qc5 26. Rf1 Nh5 27. Bxg6 hxg6 28.
Qxg6+ Ng7 29. Kh2 Bxf2 30. Ne2 Bxg3+ 31. Nxg3 Rxf1 32. Nxf1 d4 33. Re1 Qd5 34.
Nd2 Qf5 35. Qg3 Qf4 36. Nb3 Qxg3+ 37. Kxg3 Nf5+ 38. Kf4 Kf7 39. Ke5 Rd8 40. g4
Rd5+ 41. Kf4 Nd6 42. h4 d3 43. Nd2 Nc4 44. Nf3 e5+ 45. Kg3 d2 46. Rd1 Ba4 47. b3
Bxb3 0-1

[Event "33rd Leon Blitz Open 2020"]
[Site "chess.com INT"]
[Date "2020.07.14"]
[Round "6"]
[White "Primbetov, Kazbek"]
[Black "Diaz, Conrado"]
[Result "1-0"]
[WhiteTitle "FM"]
[WhiteElo "2207"]
[BlackElo "2273"]
[WhiteFideId "13702297"]
[BlackFideId "5207304"]
[EventDate "2020.07.14"]
[EventType "blitz"]

1. d4 d5 2. Nf3 Nf6 3. g3 Bg4 4. Bg2 e6 5. c4 c6 6. Qb3 Qb6 7. c5 Qc7 8. Bf4 Qc8
9. Nc3 Nbd7 10. Qd1 b6 11. b4 bxc5 12. bxc5 Qa6 13. O-O Be7 14. Qa4 Qxa4 15.
Nxa4 Bf5 16. Rfc1 h6 17. Nb2 g5 18. Bc7 O-O 19. Nd3 Rfc8 20. Be5 Bxd3 21. exd3
Nxe5 22. Nxe5 Rc7 23. Rab1 Nd7 24. a4 Bf6 25. f4 gxf4 26. gxf4 Nxe5 27. dxe5 Be7
28. a5 Kf8 29. a6 Ke8 30. Kf2 Bh4+ 31. Ke3 Rac8 32. Bf3 Ke7 33. Rg1 Kf8 34. d4
Rd7 35. Rb2 Bd8 36. Bg4 Rcc7 37. Rb8 Ke7 38. f5 exf5 39. Bxf5 h5 40. Rg8 h4 41.
Bxd7 Rxd7 42. Rb7 Ba5 43. Rxd7+ Kxd7 44. Ra8 Be1 45. Rxa7+ Ke6 46. Rc7 h3 47.
Rxc6+ Kf5 48. Rf6+ Kg4 49. a7 Bg3 50. hxg3 h2 51. Rh6 Kxg3 52. a8=Q Kg2 53.
Qxd5+ Kg1 54. Qa2 Kh1 55. Qxh2# 1-0

[Event "33rd Leon Blitz Open 2020"]
[Site "chess.com INT"]
[Date "2020.07.14"]
[Round "6"]
[White "Lazavik, Denis"]
[Black "Shtembuliak, Evgeny"]
[Result "1-0"]
[WhiteTitle "FM"]
[BlackTitle "GM"]
[WhiteElo "2424"]
[BlackElo "2620"]
[WhiteFideId "13515110"]
[BlackFideId "14113325"]
[EventDate "2020.07.14"]
[EventType "blitz"]

1. d4 g6 2. c4 Bg7 3. Nf3 d6 4. g3 Nf6 5. Bg2 O-O 6. Nc3 c6 7. O-O Bf5 8. Ne1 e5
9. d5 cxd5 10. cxd5 a5 11. e4 Bd7 12. Nd3 b5 13. h3 Na6 14. Be3 Qb8 15. f4 exf4
16. gxf4 b4 17. Na4 Nxe4 18. Nb6 Bf5 19. Nxa8 Qxa8 20. Rc1 Re8 21. Re1 Qxd5 22.
Nf2 Qxd1 23. Rcxd1 Nxf2 24. Bxf2 Rxe1+ 25. Rxe1 Bxb2 26. Re8+ Kg7 27. Ra8 Nc5
28. Rxa5 Nd3 29. Bg3 Bd4+ 30. Kh2 Bc5 31. Bd5 Be6 32. Bxe6 fxe6 33. Kg2 Kf6 34.
Kf3 Nb2 35. Bh4+ Kf7 36. Rb5 g5 37. Bxg5 Nc4 38. h4 h5 39. Rb7+ Kg6 40. Re7 e5
41. fxe5 Nxe5+ 42. Ke4 Nc6 43. Re6+ Kf7 44. Rh6 Kg7 45. Rxh5 Bd4 46. Be3 Be5 47.
Rg5+ Kf6 48. h5 Ne7 49. h6 d5+ 50. Kf3 d4 51. Bd2 Nf5 52. h7 Ke6 53. Rg8 Nh4+
54. Ke4 1-0

[Event "33rd Leon Blitz Open 2020"]
[Site "chess.com INT"]
[Date "2020.07.14"]
[Round "6"]
[White "Tang, Andrew"]
[Black "Schitco, Ivan"]
[Result "1-0"]
[WhiteTitle "GM"]
[BlackTitle "IM"]
[WhiteElo "2538"]
[BlackElo "2467"]
[WhiteFideId "2059630"]
[BlackFideId "13905465"]
[EventDate "2020.07.14"]
[EventType "blitz"]

1. d4 d5 2. Bf4 Nf6 3. e3 e6 4. Nf3 Bd6 5. Nbd2 Bxf4 6. exf4 b6 7. c3 O-O 8. Bd3
Ba6 9. Bxa6 Nxa6 10. O-O c5 11. Qe2 Nb8 12. Qd3 Nc6 13. f5 c4 14. Qc2 Re8 15.
Rfe1 exf5 16. Qxf5 Qd7 17. Qf4 Qg4 18. Qd6 Qd7 19. Qg3 Qg4 20. Nf1 Qxg3 21. hxg3
b5 22. a3 a5 23. Ne3 h5 24. Ng5 g6 25. Nh3 Rab8 26. Nf4 Red8 27. Re2 Kg7 28. f3
Na7 29. g4 hxg4 30. fxg4 Re8 31. Rae1 Re4 32. Nfxd5 Nxd5 33. Nxd5 Rxg4 34. Re7
Nc6 35. Rc7 Nd8 36. Rd7 Rg5 37. Nc7 b4 38. axb4 axb4 39. Na6 Ra8 40. Nxb4 Rf5
41. Nc2 Kf8 42. Ne3 Rb5 43. Nxc4 Ne6 44. Ne5 Ng5 45. b4 Rc8 46. Re3 Kg7 47. Rg3
Kh6 48. Nxf7+ Nxf7 49. Rxf7 Re8 50. Rf6 Rg8 51. Rc6 Kh5 52. Rc5+ 1-0

[Event "33rd Leon Blitz Open 2020"]
[Site "chess.com INT"]
[Date "2020.07.14"]
[Round "6"]
[White "Ismayilova, Khanim"]
[Black "Galiana Salom, Juan Ramon"]
[Result "0-1"]
[WhiteTitle "WCM"]
[BlackTitle "FM"]
[WhiteElo "1332"]
[BlackElo "2248"]
[WhiteFideId "13429019"]
[BlackFideId "2203081"]
[EventDate "2020.07.14"]
[EventType "blitz"]

1. d4 f5 2. c4 g6 3. Nc3 Bg7 4. Bf4 d6 5. Nf3 Nh6 6. e3 Nf7 7. d5 e5 8. dxe6
Bxe6 9. Be2 Nd7 10. O-O Nde5 11. Qb3 O-O 12. Nxe5 dxe5 13. Bg3 Rb8 14. Rfd1 Qe7
15. Nd5 Qc5 16. Qb5 Qxb5 17. cxb5 c6 18. Ne7+ Kh8 19. bxc6 bxc6 20. b3 g5 21.
Nxc6 Rb6 22. Na5 f4 23. exf4 exf4 24. Rac1 Ne5 25. Bxf4 gxf4 26. Nc4 Nxc4 27.
Bxc4 Bxc4 28. Rxc4 f3 29. gxf3 Rg6+ 30. Kh1 Rxf3 31. Rd8+ Bf8 32. Rcc8 Kg8 33.
Rc2 Rf7 34. Rcd2 Kg7 35. R8d7 Rf6 36. Rxf7+ Rxf7 37. Kg2 Bc5 38. h3 Bb6 39. f3
Kf6 40. Rd6+ Ke5 41. Rh6 Kf4 42. Rh4+ Ke3 43. Re4+ Kd3 44. Rh4 Kc3 45. Rc4+ Kb2
46. Ra4 Rg7+ 47. Kh2 h5 48. a3 Kxb3 49. Rf4 Bc7 50. Kh1 Bxf4 51. a4 Rg3 52. a5
Rxf3 53. a6 Rxh3+ 54. Kg2 Rg3+ 55. Kh2 Kc3 56. Kh1 Kd2 57. Kh2 Ke2 58. Kh1 Kf3
59. Kh2 Kf2 60. Kh1 Rh3# 0-1

[Event "33rd Leon Blitz Open 2020"]
[Site "chess.com INT"]
[Date "2020.07.14"]
[Round "6"]
[White "Zvereva, Margarita"]
[Black "Vinter-Schou, Uffe"]
[Result "0-1"]
[WhiteTitle "WFM"]
[BlackTitle "IM"]
[WhiteElo "1929"]
[BlackElo "2349"]
[WhiteFideId "34177741"]
[BlackFideId "1400568"]
[EventDate "2020.07.14"]
[EventType "blitz"]

1. e4 c5 2. Nf3 e6 3. d4 cxd4 4. Nxd4 a6 5. Bd3 g6 6. O-O Bg7 7. c3 Ne7 8. Qe2
Nbc6 9. Be3 O-O 10. Nd2 f5 11. exf5 gxf5 12. Qh5 Ne5 13. Bc2 b6 14. Bh6 Rf7 15.
N2f3 Ng4 16. Bxg7 Rxg7 17. h3 Nf6 18. Qh6 Ng6 19. Rad1 Qc7 20. Ng5 Bb7 21. Ndxe6
dxe6 22. Nxe6 Nf4 23. Qxg7+ Qxg7 24. Nxg7 Bxg2 25. Rfe1 Kxg7 26. Bxf5 Rg8 27.
Kh2 Bf3 28. Rg1+ Ng6 29. Rde1 Rd8 30. Rg3 Bd5 31. Reg1 Bf7 32. Rd3 Re8 33. h4
Kh6 34. Kg3 Nh5+ 35. Kh2 Nxh4 36. Rd6+ Bg6 37. Bxg6 hxg6 38. Rgd1 Re2 39. Kg1
Nf4 40. Rxb6 Nf3+ 41. Kf1 Nd2+ 42. Kg1 Ne4 43. Rf1 Ng5 44. Rf6 Nf3+ 45. Kh1 Kg5
46. Rf8 Re7 47. Ra8 Rh7# 0-1

[Event "33rd Leon Blitz Open 2020"]
[Site "chess.com INT"]
[Date "2020.07.14"]
[Round "6"]
[White "Matlakov, Maxim"]
[Black "Bjerre, Jonas Buhl"]
[Result "1-0"]
[WhiteTitle "GM"]
[BlackTitle "GM"]
[WhiteElo "2685"]
[BlackElo "2549"]
[WhiteFideId "4168003"]
[BlackFideId "1444948"]
[EventDate "2020.07.14"]
[EventType "blitz"]

1. d4 Nf6 2. Nf3 d5 3. Bg5 Ne4 4. Bf4 Bf5 5. e3 e6 6. Nbd2 Nxd2 7. Qxd2 Bd6 8.
Bd3 Bxd3 9. Qxd3 Nd7 10. O-O-O Qe7 11. Kb1 O-O-O 12. h4 Kb8 13. h5 h6 14. Ne5
Bxe5 15. dxe5 f6 16. exf6 Nxf6 17. f3 e5 18. Bg3 Rhe8 19. Qf5 Qe6 20. Qxe6 Rxe6
21. e4 Kc8 22. exd5 Rxd5 23. Rxd5 Nxd5 24. Kc1 e4 25. Re1 Nf6 26. fxe4 Nxh5 27.
Bh2 Nf6 28. e5 Ng4 29. Bg3 Kd7 30. Kd2 g5 31. Kd3 h5 32. Re4 Re7 33. e6+ Rxe6
34. Rxe6 Kxe6 35. Bxc7 Ne5+ 36. Ke4 Nd7 37. Kd4 h4 38. c4 Nf6 39. b4 Ne8 40. Bb8
Ng7 41. Bxa7 Nf5+ 42. Ke4 Nd6+ 43. Kd3 Kf5 44. a4 Kf4 45. Bb8 Kg3 46. Bxd6+ Kxg2
47. Ke4 g4 48. Kf4 g3 49. Kg4 1-0

[Event "33rd Leon Blitz Open 2020"]
[Site "chess.com INT"]
[Date "2020.07.14"]
[Round "6"]
[White "Matinian, Nikita"]
[Black "Plat, Vojtech"]
[Result "1-0"]
[WhiteTitle "GM"]
[BlackTitle "GM"]
[WhiteElo "2475"]
[BlackElo "2562"]
[WhiteFideId "24129100"]
[BlackFideId "325740"]
[EventDate "2020.07.14"]
[EventType "blitz"]

1. e4 d6 2. d4 Nf6 3. Nc3 e5 4. Nf3 Nbd7 5. g4 Nxg4 6. Rg1 Ngf6 7. Be3 c6 8. Bc4
h6 9. Qe2 Nh5 10. O-O-O Qf6 11. Kb1 Nf4 12. Bxf4 Qxf4 13. Qd3 exd4 14. Ne2 Qf6
15. Nfxd4 Ne5 16. Qc3 Nxc4 17. Qxc4 Bd7 18. f4 O-O-O 19. Rg3 c5 20. Rb3 Be6 21.
Nxe6 fxe6 22. Qb5 Qf7 23. Nc3 Qd7 24. Qa5 b6 25. Qa6+ Qb7 26. Qa4 d5 27. Nb5 a6
28. Na3 Be7 29. Rg3 dxe4 30. Re1 b5 31. Qb3 Bf6 32. Qxe6+ Kb8 33. c3 Rhe8 34.
Qf5 c4 35. Nc2 Qd5 36. Qxd5 Rxd5 37. Ne3 Rd3 38. Nf5 Red8 39. Rxd3 cxd3 40. Ne3
Bh4 41. Rf1 Be7 42. Kc1 Bc5 43. Kd2 Bxe3+ 44. Kxe3 Re8 45. f5 Kc7 46. f6 gxf6
47. Rxf6 Rd8 48. Rf1 Kc6 49. Kxe4 d2 50. Rd1 Kc5 51. Ke3 b4 52. Rxd2 Re8+ 53.
Kd3 bxc3 54. bxc3 Re6 55. Kc2 Rg6 56. Rd4 Rg2+ 57. Rd2 Rg4 58. Kb3 Rh4 59. Rg2
Rh3 60. a4 Kd5 61. Kb4 Rh4+ 62. Ka5 Kc4 63. Kxa6 Kxc3 64. a5 Rb4 65. Rg3+ Kd2
66. Rh3 Ke2 67. Rxh6 Kf3 68. Rb6 Rh4 69. Kb5 Rh5+ 70. Ka4 Rh4+ 71. Rb4 Rxh2 72.
Rb3+ Ke4 73. a6 Rh7 74. Ka5 Kd5 75. Rb7 Rh1 76. a7 Kc6 77. Rb6+ Kc5 78. Ka6 Rh8
79. Rb8 Rh6+ 80. Ka5 Rh1 81. Rc8+ Kd6 82. a8=Q Ra1+ 83. Kb4 1-0

[Event "33rd Leon Blitz Open 2020"]
[Site "chess.com INT"]
[Date "2020.07.14"]
[Round "6"]
[White "Vaibhav, Suri"]
[Black "Thipsay, Praveen M"]
[Result "1-0"]
[WhiteTitle "GM"]
[BlackTitle "GM"]
[WhiteElo "2600"]
[BlackElo "2376"]
[WhiteFideId "5045185"]
[BlackFideId "5000033"]
[EventDate "2020.07.14"]
[EventType "blitz"]

1. b3 g6 2. Bb2 Nf6 3. Bxf6 exf6 4. d4 f5 5. g3 Bg7 6. Bg2 O-O 7. e3 d5 8. Ne2
c6 9. O-O Nd7 10. Nd2 Nf6 11. c4 Be6 12. Nf4 Qd7 13. Rc1 Bh6 14. Nd3 Ne4 15. Nf3
Bg7 16. Qc2 Qe7 17. Rfd1 Rac8 18. Nf4 Qd6 19. h4 Rfd8 20. cxd5 Bxd5 21. Nxd5
Qxd5 22. Ng5 Re8 23. Qc4 Qxc4 24. bxc4 Nxg5 25. hxg5 Bf8 26. Rb1 b6 27. a4 c5
28. d5 Bd6 29. Bh3 Rb8 30. Rb3 Re4 31. Rc1 Kf8 32. Rc2 Ree8 33. f4 Re7 34. Kf2
Rbe8 35. Kf3 Bc7 36. Bf1 Rd8 37. Rh2 Kg8 38. Bh3 Kg7 39. g4 fxg4+ 40. Bxg4 Rh8
41. e4 h5 42. gxh6+ Rxh6 43. Rxh6 Kxh6 44. e5 Re8 45. d6 Bd8 46. Rb1 Kg7 47. Rg1
Rh8 48. Ke4 Kf8 49. Kd5 Rh2 50. Kc6 Bh4 51. Rf1 Ra2 52. Rh1 g5 53. f5 Rxa4 54.
e6 Rxc4 55. e7+ Ke8 56. f6 1-0

[Event "33rd Leon Blitz Open 2020"]
[Site "chess.com INT"]
[Date "2020.07.14"]
[Round "6"]
[White "Ajay, Karthikeyan"]
[Black "Leve, Nitai"]
[Result "1-0"]
[WhiteTitle "FM"]
[WhiteElo "2315"]
[BlackElo "2128"]
[WhiteFideId "35011685"]
[BlackFideId "2006898"]
[EventDate "2020.07.14"]
[EventType "blitz"]

1. d4 d5 2. Bf4 Nf6 3. e3 c5 4. Nf3 Nc6 5. Nbd2 Bg4 6. c3 e6 7. Bb5 cxd4 8. cxd4
Bd6 9. Bxc6+ bxc6 10. Bxd6 Qxd6 11. Rc1 O-O 12. h3 Bf5 13. Nb3 Ne4 14. O-O h6
15. Nc5 Rab8 16. b3 Nxc5 17. Rxc5 Rb5 18. Rc3 c5 19. a4 Ra5 20. Qd2 Be4 21. dxc5
Rxc5 22. Rxc5 Qxc5 23. Rc1 Qb6 24. Nd4 e5 25. a5 Qb7 26. Nc6 d4 27. a6 Qxb3 28.
Nxe5 d3 29. f3 Bh7 30. e4 Qb6+ 31. Kh1 Qxa6 32. Qxd3 Qxd3 33. Nxd3 f5 34. e5 f4
35. Nb4 Re8 36. Rc5 Rb8 37. Nd5 a6 38. Nxf4 Bf5 39. e6 Bb1 40. Rc7 Ba2 41. Nh5
Bxe6 42. Rxg7+ Kf8 43. Ra7 Rb6 44. Nf4 Bf5 45. g4 Bc2 46. Kh2 Rf6 47. Kg3 Bd1
48. h4 Rd6 49. g5 hxg5 50. hxg5 Bc2 51. Kg4 Rd1 52. Rxa6 Rg1+ 53. Kh4 Rh1+ 54.
Kg3 Rg1+ 55. Kf2 Rxg5 56. Ne6+ 1-0

[Event "33rd Leon Blitz Open 2020"]
[Site "chess.com INT"]
[Date "2020.07.14"]
[Round "6"]
[White "Maly, Alexey"]
[Black "Firouzja, Alireza"]
[Result "0-1"]
[WhiteTitle "IM"]
[BlackTitle "GM"]
[WhiteElo "2371"]
[BlackElo "2728"]
[WhiteFideId "14103184"]
[BlackFideId "12573981"]
[EventDate "2020.07.14"]
[EventType "blitz"]

1. d4 Nf6 2. c4 g6 3. Nc3 Bg7 4. e4 d6 5. Be2 O-O 6. Nf3 e5 7. O-O Nc6 8. d5 Ne7
9. Ne1 Nd7 10. Be3 f5 11. f3 f4 12. Bf2 g5 13. a4 a5 14. Nd3 b6 15. b4 Ng6 16.
bxa5 Rxa5 17. Nb4 Nb8 18. Nb5 Kh8 19. Be1 Ra8 20. a5 bxa5 21. Nc6 Nxc6 22. dxc6
Ra6 23. Bxa5 Rxc6 24. Na7 Ra6 25. Nxc8 Qxc8 26. c5 Ra8 27. cxd6 cxd6 28. Qxd6
Rf6 29. Qc7 Rc6 30. Qxc8+ Raxc8 31. Bd3 Bf8 32. Rfd1 Bc5+ 33. Kf1 Bd4 34. Rab1
h5 35. Bd2 Ra8 36. Rb4 g4 37. Bc4 Ra3 38. Bb3 Kg7 39. Be1 Rca6 40. Rb1 Kf6 41.
Rb7 Ra1 42. Rxa1 Rxa1 43. Ke2 Kg5 44. Bg8 Rc1 45. Rg7 Rc2+ 46. Kd3 Rxg2 47. Ba5
gxf3 48. Bd8+ Kg4 49. Rxg6+ Kh3 50. Be6+ Kxh2 51. Rh6 f2 52. Rxh5+ Kg1 53. Bc7
f1=Q# 0-1

[Event "33rd Leon Blitz Open 2020"]
[Site "chess.com INT"]
[Date "2020.07.14"]
[Round "6"]
[White "Tarini, Goyal"]
[Black "Sharmin, Samiha Shimmi"]
[Result "1-0"]
[WhiteTitle "WFM"]
[BlackTitle "WCM"]
[WhiteElo "2164"]
[BlackElo "1812"]
[WhiteFideId "5082749"]
[BlackFideId "10203087"]
[EventDate "2020.07.14"]
[EventType "blitz"]

1. d4 d5 2. c4 e6 3. Nf3 c5 4. cxd5 exd5 5. g3 Nc6 6. Bg2 Nf6 7. O-O Be7 8. dxc5
Bxc5 9. Nc3 O-O 10. Na4 Be7 11. Be3 Re8 12. h3 Be6 13. Rc1 Qd7 14. Nc5 Bxc5 15.
Bxc5 Bxh3 16. Qd3 Bxg2 17. Kxg2 Ne4 18. Rh1 Ne5 19. Nxe5 Rxe5 20. Bd4 Rg5 21.
Be3 Rg6 22. Bf4 Rc6 23. Rcd1 Rd8 24. Rh5 Nf6 25. Rh3 d4 26. f3 Qd5 27. g4 h6 28.
Rdh1 Nxg4 29. Rg3 Ne3+ 30. Kf2 Nf5 31. Rh5 Rf6 32. Bxh6 g6 33. Rg2 Qe6 34. Rh1
Re8 35. Rgh2 Qd6 36. f4 Qe6 37. Bg5 Kf8 38. Rh8+ Ke7 39. Bxf6+ Qxf6 40. Rxe8+
Kxe8 41. Qe4+ Qe6 42. Qxe6+ fxe6 43. Kf3 Ke7 44. Rh7+ Kd6 45. Rxb7 a6 46. Ra7
Ne3 47. Rxa6+ Ke7 48. b4 Kf6 49. b5 Nd5 50. b6 Kf5 51. b7 Nc7 52. Rb6 g5 53.
b8=Q g4+ 54. Kg3 Nd5 1-0

[Event "33rd Leon Blitz Open 2020"]
[Site "chess.com INT"]
[Date "2020.07.14"]
[Round "6"]
[White "Flores Quillas, Diego Saul Rodri"]
[Black "Murzin, Volodar"]
[Result "0-1"]
[WhiteTitle "FM"]
[BlackTitle "IM"]
[WhiteElo "2245"]
[BlackElo "2465"]
[WhiteFideId "3822508"]
[BlackFideId "44155573"]
[EventDate "2020.07.14"]
[EventType "blitz"]

1. e4 c6 2. d4 d5 3. Nc3 dxe4 4. Nxe4 Bf5 5. Ng3 Bg6 6. h4 h6 7. h5 Bh7 8. Nf3
Nd7 9. Bd3 Bxd3 10. Qxd3 e6 11. Bd2 Ngf6 12. O-O-O Be7 13. Ne4 Nxe4 14. Qxe4 Nf6
15. Qe2 Qd5 16. Kb1 a5 17. c4 Qe4+ 18. Qxe4 Nxe4 19. Be3 f5 20. Ne5 Bf6 21. Ng6
Rg8 22. f3 Nd6 23. b3 Kf7 24. Bf4 Rgd8 25. Rhe1 a4 26. Be5 axb3 27. axb3 b5 28.
d5 exd5 29. cxd5 c5 30. Bxf6 gxf6 31. Re7+ Kg8 32. Nf4 Re8 33. Rd7 Rad8 34. Rxd8
Rxd8 35. Ne6 Rc8 36. g4 fxg4 37. Rg1 Kf7 38. Rxg4 Nf5 39. Kb2 Ke7 40. Ng7 Nd4
41. Rg6 Kf7 42. Ne6 Nf5 43. Rg4 Ke7 44. Rg6 c4 45. bxc4 Rxc4 46. Rg4 Rxg4 47.
fxg4 Ne3 48. Nd4 Kd6 49. Nxb5+ Kxd5 50. Kc3 Nxg4 51. Kd3 f5 52. Ke2 Nf6 53. Nc7+
Ke5 0-1

[Event "33rd Leon Blitz Open 2020"]
[Site "chess.com INT"]
[Date "2020.07.14"]
[Round "6"]
[White "Lopez Idarraga, Daniel Eduardo"]
[Black "Swayams, Mishra"]
[Result "1-0"]
[WhiteTitle "FM"]
[BlackTitle "GM"]
[WhiteElo "2009"]
[BlackElo "2489"]
[WhiteFideId "4405501"]
[BlackFideId "5028183"]
[EventDate "2020.07.14"]
[EventType "blitz"]

1. d4 Nf6 2. Nf3 b6 3. Bf4 Bb7 4. e3 g6 5. Nbd2 Bg7 6. Be2 O-O 7. O-O d6 8. h3
c5 9. Bh2 Ne4 10. a4 Nd7 11. a5 bxa5 12. Nxe4 Bxe4 13. c3 Qb6 14. Nd2 Bd5 15.
Bc4 Bxc4 16. Nxc4 Qb5 17. Qa4 Qxa4 18. Rxa4 Nb6 19. Nxb6 axb6 20. Rfa1 Rac8 21.
R1a3 cxd4 22. exd4 e5 23. dxe5 dxe5 24. Rb3 Rfd8 25. Bg3 Rc6 26. Rb5 f6 27. b4
Rxc3 28. bxa5 bxa5 29. Raxa5 g5 30. Rb7 Rd1+ 31. Kh2 Rcc1 32. Ra8+ Bf8 33. Bxe5
fxe5 34. Rbb8 Kg7 35. Rxf8 Rd6 36. Rf5 h6 37. Rxe5 Rf6 38. Re7+ Rf7 39. Rxf7+
Kxf7 40. Kg3 Rc3+ 41. f3 Rc4 42. Ra6 Kg7 43. Re6 Rc2 44. h4 Rc4 45. Re4 Rc2 46.
Ra4 Kg6 47. Kh3 Rf2 48. Ra6+ Kg7 49. Ra7+ Kg6 50. h5+ Kf6 51. Rh7 Rb2 52. Rxh6+
Kf5 53. g4+ Ke5 54. Rg6 Kf4 55. Rf6+ Ke3 56. Kg3 Rb1 57. Re6+ Kd3 58. Rg6 Ke3
59. Rxg5 Rg1+ 60. Kh2 Kf2 61. Rf5 Rg2+ 62. Kh3 Rg1 63. Kh4 Ke3 64. h6 Kd4 65.
Rh5 Rh1+ 66. Kg5 Ra1 67. h7 Ra5+ 68. Kh4 1-0

[Event "33rd Leon Blitz Open 2020"]
[Site "chess.com INT"]
[Date "2020.07.14"]
[Round "6"]
[White "Aldokhin, Ivan"]
[Black "Anton Guijarro, David"]
[Result "1/2-1/2"]
[WhiteTitle "IM"]
[BlackTitle "GM"]
[WhiteElo "2413"]
[BlackElo "2703"]
[WhiteFideId "24115720"]
[BlackFideId "2285525"]
[EventDate "2020.07.14"]
[EventType "blitz"]

1. e4 e5 2. Nf3 Nc6 3. Bb5 a6 4. Ba4 d6 5. Bxc6+ bxc6 6. d4 exd4 7. Nxd4 c5 8.
Nf3 Be7 9. O-O Nf6 10. e5 Ng4 11. Bf4 O-O 12. Nc3 Bb7 13. Re1 Rb8 14. b3 c4 15.
bxc4 Bxf3 16. Qxf3 Nxe5 17. Bxe5 dxe5 18. Rad1 Qc8 19. Rxe5 Bf6 20. Nd5 Bd8 21.
Rde1 c6 22. Ne7+ Bxe7 23. Rxe7 Rb2 24. Qe4 h6 25. a3 Ra2 26. Qd3 Rb2 27. h3 Rb7
28. Qd6 Rb2 29. R1e2 Qf5 30. Qxc6 Rxc2 31. Rxc2 Qxc2 32. Re3 Qc1+ 33. Kh2 Qc2
34. Rf3 a5 35. Qb5 Qe4 36. Qxa5 Qxc4 37. Qb4 Qc7+ 38. Qf4 Qxf4+ 39. Rxf4 Ra8 40.
a4 g5 41. Rb4 Kg7 42. Kg3 Kg6 43. h4 f6 44. Kg4 h5+ 45. Kg3 Rc8 46. hxg5 fxg5
47. Rb6+ Kf5 48. a5 Rc3+ 49. f3 h4+ 50. Kh2 Ra3 51. Rb5+ Kf4 52. Rb4+ Kf5 53.
Rb5+ Kf4 54. Rc5 Ra1 55. Rc4+ Kf5 56. Rc5+ Kf4 57. Rd5 Ra2 58. Kh3 Ra1 59. Rd4+
Kf5 60. Rd5+ Kf4 61. Kh2 Ra2 62. Rb5 Ra1 63. Rb4+ Kf5 64. Rb5+ Kf4 65. Rb4+ Kf5
66. Rb5+ Kf4 1/2-1/2